Chasse aux E de Pâques (8 e dans mots) - Statistiques

Statistiques générales
  • Ce quiz a été pris 176 fois
  • Le résultat moyen est 8 sur 9
Answers on the Grid
Answers color-coded by a green-red scale on the quiz's grid according to % correct below.
F-t-
P-sc-l
Chr-st
M-ss-
S-int
Di-u
P-p-llon
Po-ss-n
R-surr-ction
Cloch-
Lap-n
J-sus
Agn-au
P-ss-on
L-ndi
Christianism-
 
Statistiques - réponses
Réponse % Correct
F-t-
95%
R-surr-ction
95%
Cloch-
94%
Agn-au
93%
Christianism-
92%
J-sus
92%
Di-u
91%
M-ss-
90%
P-ss-on
30%
Aucun quiz correspondant
Distribution des résultats
% des personnes avec chaque résultat
Percentile par nombre de réponses
Votre historique - résultats
Vous n’avez pas pris ce quiz